[Event "US op 123nd"]
[Site "Grand Rapids"]
[Date "2023.07.30"]
[Round "2"]
[White "Yu, Justin J"]
[Black "Yanayt, Eugene"]
[Result "1-0"]
[WhiteElo "1644"]
[BlackElo "2085"]
[PlyCount "55"]
[EventDate "2023.07.29"]
[EventType "swiss"]
[EventRounds "9"]
[EventCountry "USA"]
[SourceTitle "CBM 215 Extra"]
[Source "ChessBase"]
[SourceDate "2023.09.30"]
[SourceVersion "1"]
[SourceVersionDate "2023.09.30"]
[SourceQuality "1"]

1. e4 c5 2. Nf3 e6 3. d3 Nc6 4. g3 d5 5. Nbd2 Bd6 6. Bg2 Nge7 7. 0-0 0-0 8. a4 Qc7 9. b3 Bd7 10. Bb2 f6 11. Re1 Rab8 12. d4 cxd4 13. Nxd4 Nxd4 14. Bxd4 e5 15. Bxa7 Rbc8 16. exd5 Bb4 17. Nc4 Nf5 18. Bb6 Qb8 19. Rf1 Rce8 20. Qd3 Rf7 21. c3 Bf8 22. Nd2 Nd6 23. c4 f5 24. f4 e4 25. Qe3 g6 26. Bd4 Nc8 27. Nb1 h6 28. c5 1-0